| 000 | 00674nam a22002177a 4500 | ||
|---|---|---|---|
| 003 | UA-OsUOA | ||
| 001 | 122294 | ||
| 007 | ta | ||
| 008 | 20170424b un ||||| |||| 00| 0 ukr d | ||
| 100 | _aБондар М. | ||
| 090 |
_a82 _bБ81 |
||
| 942 | _cSA | ||
| 040 |
_aUA-OsUOA _bukr _cUA-OsUOA _dUA-OsUOA |
||
| 245 | _aДовкола Григорія Квітки-Основ'яненка: твори українських прозаїків 30-х - початку 40-х років ХІХ ст. | ||
| 300 | _aС. 48-61 | ||
| 955 | _a0 | ||
| 041 | _aukr | ||
| 080 | _a82 | ||
| 773 | 0 | _w122288 | |
| 650 | 7 |
_a82 Література. Літературознавство _2UDC |
|
| 999 |
_c408519 _d408519 |
||